| 000 | 01731cam a22004577i 4500 | ||
|---|---|---|---|
| 001 | data | ||
| 005 | 20260322212110.0 | ||
| 008 | data | ||
| 035 | _a23657419 | ||
| 906 |
_a7 _bcbc _ccopycat _d2 _encip _f20 _gy-gencatlg |
||
| 925 | 0 |
_aacquire _b1 shelf copy _xpolicy default |
|
| 010 | _a 2024404059 | ||
| 015 |
_aGBA3Y5660 _2bnb |
||
| 020 |
_a1841197106 (pbk.) _q(paperback) |
||
| 020 |
_a9781841197104 (pbk.) _q(paperback) |
||
| 035 | _a(OCoLC)51780803 | ||
| 040 |
_aUKM _beng _erda _cUKM _dDLC _dYDXCP _dOCLCF _dOCLCO _dOCLCQ _dIGP _dOCLCO _dOCLCQ _dOCLCL _dOCLCQ _dDLC |
||
| 042 | _alccopycat | ||
| 050 | 0 | 0 |
_aBR150 _b.G32 2003 |
| 082 | 0 | 4 |
_a270 _221 |
| 100 | 1 | _aGascoigne, Bamber. | |
| 245 | 1 | 2 |
_aA brief history of Christianity / _cBamber Gascoigne. |
| 250 | _a[New rev. ed.]. | ||
| 264 | 1 |
_aLondon : _bRobinson, _c2003. |
|
| 300 |
_ax, 262 pages, 16 unnumbered pages of plates : _billustrations, portraits ; _c20 cm |
||
| 336 |
_atext _btxt _2rdacontent |
||
| 336 |
_atext _btxt _2rdacontent |
||
| 337 |
_aunmediated _bn _2rdamedia |
||
| 337 |
_aunmediated _bn _2rdamedia |
||
| 338 |
_avolume _bnc _2rdacarrier |
||
| 338 |
_avolume _bnc _2rdacarrier |
||
| 500 | _aPrevious edition: (i.e. 1st ed.) published as The Christians. London : Cape, 1977. | ||
| 650 | 0 | _aChurch history. | |
| 650 | 6 |
_aÉglise _xHistoire. |
|
| 650 | 7 |
_achurch history. _2aat |
|
| 650 | 7 |
_aChurch history. _2fast _0(OCoLC)fst00860740 |
|
| 700 | 1 |
_aGascoigne, Bamber. _tChristians. |
|
| 740 | 0 | _aChristians. | |
| 758 |
_ihas work: _aA Brief History of Christianity (Text) _1https://id.oclc.org/worldcat/entity/E39PCYXr69Pf4gT8YF4KGpDMw3 _4https://id.oclc.org/worldcat/ontology/hasWork |
||
| 999 |
_c1638 _d1638 |
||